000
00308nam a22001337a 4500
020
_q
PB.
040
_c
FIZZA ISHAQ
082
_a
620
_b
SAT
100
_a
GOPI,SATHEESH.
_9
63551
245
_a
BASIC CIVIL ENGINEERING /
_c
SATHEESH GOPI.
260
_a
PEARSON ;
_c
2010.
300
_a
328 P. ;
942
_2
ddc
_c
BK
999
_c
589422
_d
589422